| 000 | 01703cam a22004337a 4500 | ||
|---|---|---|---|
| 003 | CHAP | ||
| 005 | 20220329141934.0 | ||
| 008 | 980821d1997 mx rs 00110 spa d | ||
| 010 | _a75962 | ||
| 011 | _a76934 | ||
| 020 | _a9701316908 | ||
| 035 | _a86529 | ||
| 040 | _cCHAP | ||
| 082 | 0 | 4 |
_a317.2 _bI57 Coah. |
| 110 | 2 |
_aInstituto Nacional de Estadística, Geografía e Informática. México _959304 |
|
| 245 | 1 | 0 |
_aPerspectiva estadística de Coahuila _c/por Instituto Nacional de Estadística Geografía e Informática |
| 260 |
_aAguascalientes, Ags. : _bInstituto Nacional de Estadística Geografía e Informática, _c1997. |
||
| 300 |
_a107 p. : _bcuadros ; gráfs. |
||
| 590 |
_aBATCH-UPD _b10 _c20130110 _lUCH01 _h0143 |
||
| 590 |
_aBATCH-UPD _b10 _c20130110 _lUCH01 _h1947 |
||
| 590 |
_aBATCH-UPD _b10 _c20130409 _lUCH01 _h2142 |
||
| 590 |
_aBATCH-UPD _b10 _c20130410 _lUCH01 _h1309 |
||
| 590 |
_aBATCH-UPD _b10 _c20130914 _lUCH01 _h0719 |
||
| 590 |
_aBATCH-UPD _b10 _c20130914 _lUCH01 _h2150 |
||
| 590 |
_aCONVERSION _b10 _c20130109 _lUCH01 _h1342 |
||
| 650 | 1 | 4 |
_aAgricultura _xEstadisticas _xCoahuila. _91427 |
| 650 | 1 | 4 |
_aBosques _xEstadísticas _xCoahuila. _914142 |
| 650 | 1 | 4 |
_aCoahuila _xEstadísticas. _923982 |
| 650 | 1 | 4 |
_aCoahuila _xHistoria. _923984 |
| 650 | 1 | 4 |
_aEmpleo _xCoahuila. _936554 |
| 650 | 1 | 4 |
_aGanadería _xEstadísticas _xCoahuila. _944695 |
| 650 | 1 | 4 |
_aPoblación _zCoahuila. _989419 |
| 650 | 1 | 4 |
_aVivienda _xCoahuila. _9120126 |
| 901 | _aBK | ||
| 905 | _aAlejandra Carrasco M. | ||
| 942 | _cLIBRO | ||
| 949 |
_a317.2 I57 Coah. _bBC _cINEGI _d33724000699351 _eINEGI _fc.2 _h93772 _i86529 _sb _t$34.00 |
||
| 949 |
_a317.2 I57 Coah. _bBC _cINEGI _d33724000699369 _eINEGI _h93771 _i86529 _sb _t$34.00 |
||
| 999 |
_c75962 _d75962 |
||